000 01290agaaa2200277 4500
001 9215
003 IT-RoPAU
005 20220918181302.0
007 d cvaizq
008 50131s9999||||xx ||| | || ||und||
040 _aIT-RoPAU
_cIT-RoPAU
041 _aITALIANO
100 _aBurnford Paul
_gCodice regista SPICS: 27793
_953598
130 _aMAGIE DELLA CINEPRESA
_953599
245 _aMAGIE DELLA CINEPRESA
_cDiretto da: Burnford Paul
_pMAGIE DELLA CINEPRESA (Rif. Codice opera principale : 79215)
250 _aEdizione Standard
260 _aROMA (STATI UNITI)
_bSAMPAOLO FILM AUDIOVISIVI / Distribuzione: MASTER VIDEO
_g"1977 (1° ed.: 1986 ; Ed. Lingua Orig.: 1977)"
300 _aVHS
_bsonoro, col.
_c17 minuti
520 _aLINGUAGGIO-DELL'IMMAGINE-N.2COMPENDIO DI TUTTI GLI EFFETTI CHE SI POSSONO CREARE CON LA CINEPRESA MEDIANTE LE VARIE TECNICHE DI ARRESTO DELLA MACCHINA RETROMARCIA SPECCHI DISTORSIONI FILTRI USO CREATIVO DEL FUOCO DOPPIA ESPOSIZIONE
538 _aPAL, STEREO
546 _aITALIANO
650 _aDIDATTICO
_eSTUDI SUL CINEMA [VHS]
_xCodice MATERIA SPICS: 9959
_936686
700 _aBurnford Paul
_e(regista)
_gCodice regista SPICS: 27793
_953600
700 _aSamuelson Jerry
_e(regista)
_gCodice secondo regista SPICS: 27795
_953601
942 _cVH
_2ddc
999 _c107784
_d107784